| 000 | 01124nam a22002057a 4500 | ||
|---|---|---|---|
| 001 | 7976 | ||
| 003 | FISKH | ||
| 005 | 20250828133434.0 | ||
| 008 | 250815b cb ||||| |||| 00| 0 eng d | ||
| 020 | _a9781912456376 | ||
| 040 |
_aFISKH _beng _cFISKH _dFISKH |
||
| 082 | _a794.8 | ||
| 100 | _aBerry, Naomi | ||
| 245 |
_aThe definitive guide to fortnite 2020 / _cBy Naomi Berry |
||
| 260 |
_aEdinburgh, Scotland : _bPillar Box Red , _c2019. |
||
| 300 |
_a62 pages : _bcolor illustrations ; _c29 cm . |
||
| 520 | _aThe world has gone mad for Fortnite with millions of people around the world heading into battle. If you're a fan there's no better way to sharpen your skill than with this definitive guide. Give yourself the upper hand and learn everything from the basics on gathering, building and surviving to how to navigate the map and pro survival tips. There's all the tactics, tricks and strategies you need to give you an edge in the world's most popular online game. And if that's not enough there are puzzles, quizzes and games to test your knowledge and sharpen your wit. | ||
| 942 |
_2ddc _cBK _n0 |
||
| 999 |
_c7976 _d7976 |
||